000 00298nam a2200109Ia 4500
008 171211s9999 xx 000 0 und d
245 _aIBM Data Engine for Hadoop and Spark
245 _cIBM Redbooks
260 _c2016
650 _xSOFTWARE
856 _uhttp://down.ebook777.com/063/0738441937.pdf
999 _c349311
_d349311